Lisabonská smlouva a její vliv na Společnou zemědělskou politiku EU
Kontroverzná spoločná poľnohospodárska politika. Lisabonská zmluva a vplyv jej prijatia na oblasť spološnej poľnohospodárskej politiky. Legislatívny sled pred a po prijatí Lisabonskej zmluvy.
Salvato in:
| Autore principale: | |
|---|---|
| Natura: | Capitolo di libro |
| Lingua: | ceco |
| Soggetti: | |
| Tags: |
Nessun Tag, puoi essere il primo ad aggiungerne!!
|
MARC
| LEADER | 00000naa a2200000 4500 | ||
|---|---|---|---|
| 001 | 0146529 | ||
| 005 | 20231204125217.8 | ||
| 041 | 0 | |a cze | |
| 044 | |a CZ | ||
| 245 | 1 | 0 | |a Lisabonská smlouva a její vliv na Společnou zemědělskou politiku EU |c Tereza Svačinová |
| 520 | |a Kontroverzná spoločná poľnohospodárska politika. Lisabonská zmluva a vplyv jej prijatia na oblasť spološnej poľnohospodárskej politiky. Legislatívny sled pred a po prijatí Lisabonskej zmluvy. | ||
| 610 | 2 | 0 | |a Európska únia |
| 610 | 2 | 0 | |a politika poľnohospodárska |
| 610 | 2 | 0 | |a legislatíva |
| 610 | 2 | 0 | |a trh spoločný |
| 610 | 2 | 0 | |a trh poľnohospodársky |
| 100 | 1 | |a Svačinová, Tereza | |